đŸŽ¶ Paroles "Et puis juin" Rose - Statistiques

Statistiques générales
  • Ce quiz a Ă©tĂ© pris 15 fois
  • Le rĂ©sultat moyen est 186 sur 260
Statistiques - réponses
Mots % Correct
Ă 
100%
a
100%
ai
100%
au
100%
aux
100%
ça
100%
ça...
100%
ce
100%
Ce
100%
d'
100%
de
100%
de
100%
De
100%
Dolto
100%
Du
100%
en
100%
En
100%
est
100%
est-
100%
Et
100%
et
100%
j'
100%
je
100%
Je
100%
Juin,
100%
l'
100%
la
100%
lĂ ,
100%
La
100%
lĂ 
100%
le
100%
Les
100%
les
100%
mai,
100%
me
100%
mon
100%
n'
100%
On
100%
on
100%
pour
100%
puis
100%
Qu'
100%
qu'
100%
Qui
100%
qui
100%
se
100%
sur
100%
ta
100%
te
100%
tu
100%
Un
100%
un
100%
une
100%
bien
86%
cƓur
86%
dans
86%
fait
86%
pas
86%
peu
86%
peut
86%
sans
86%
toi
86%
toi,
86%
toi...
86%
Ton
86%
vous
86%
eu
71%
faire
71%
petit
71%
Avril
57%
deux
57%
deux.
57%
Février
57%
Janvier
57%
Mars,
57%
yeux,
57%
AprĂšs
43%
aprĂšs
43%
Décembre
43%
encore,
43%
Entre
43%
loin,
43%
mieux.
43%
mieux (X2)
43%
Novembre
43%
Octobre
43%
rĂȘve
43%
Septembre
43%
suit
43%
voir
43%
arriver
29%
bonheur
29%
casse
29%
con
29%
coups
29%
fleur
29%
garde
29%
gueule
29%
joue.
29%
mange
29%
pieds,
29%
plages.
29%
rendez-
29%
saisons,
29%
tambour
29%
tard.
29%
ventre
29%
48
14%
ado.
14%
alcool
14%
années,
14%
bouille.
14%
boulet
14%
cafard.
14%
compteur.
14%
fatigue
14%
galop.
14%
heures.
14%
honneur
14%
hormones
14%
lance
14%
manque
14%
mauvais.
14%
nauséeux
14%
pavés.
14%
planques.
14%
portrait.
14%
pouls.
14%
rentres
14%
sanglots,
14%
sourire
14%
tire
14%
trace.
14%
traĂźne
14%
trouille.
14%
vole
14%
voyages,
14%
aveux,
0%
envier
0%
jouer.
0%
ondées,
0%
plaisir
0%
Aucun quiz correspondant
Distribution des résultats
% des personnes avec chaque résultat
Percentile par nombre de réponses
Votre historique - résultats
Vous n’avez pas pris ce quiz